000 00379nam a2200169Ia 4500
100 _aPandya/N.C/ Shah/C.S
650 _aMachine Design
942 _cBK
366 _f15
654 _amachine design
245 _aMachine Design
260 _bCharotar Publishing House
_aNew Delhi
_c2006
082 _a621.815/PAN
_bPAN
300 _a1064
546 _aENGLISH
999 _c21437
_d21437